| 000 | 00661nam a22002057a 4500 | ||
|---|---|---|---|
| 005 | 20251108174601.0 | ||
| 008 | 250721s2005 xx 000 0 ara d | ||
| 082 | 1 | 4 | _a956.402/زرو |
| 100 | 1 |
_aالزرو، نواف _eمؤلف |
|
| 245 | 1 | 0 | _aموسوعة الهولوكوست الفلسطيني المفتوح : الجزء الأول / |
| 264 | 1 |
_aعمان : _bمطابع الدستور التجارية، _c2005. |
|
| 300 | _aج.1. | ||
| 650 | 1 | 7 | _aالقضيه الفلسطينه |
| 650 | 1 | 7 | _aفلسطين |
| 650 | 1 | 7 | _aتاريخ فلسطين |
| 650 | 1 | 7 | _aالصهيونيه |
| 650 | 1 | 7 | _aاسراايل |
| 942 |
_2ddc _cBK |
||
| 999 |
_c112870 _d112870 |
||